The new Oxford encyclopedic dictionary
Αποθηκεύτηκε σε:
| Κύριος συγγραφέας: | |
|---|---|
| Μορφή: | Βιβλίο |
| Γλώσσα: | English |
| Δημοσίευση: |
Oxford :
Bay books in association with Oxford University Press,
1981
|
| Θέματα: | |
| Ετικέτες: |
Προσθήκη ετικέτας
Δεν υπάρχουν, Καταχωρήστε ετικέτα πρώτοι!
|
MARC
| LEADER | 00000nam a2200000 i 4500 | ||
|---|---|---|---|
| 001 | 1/39459 | ||
| 008 | 961030s1981 eng d | ||
| 020 | |a 0-85835-680-5 | ||
| 035 | |l 10025048 | ||
| 040 | |a GR-MY-UA |b gre |e aacr | ||
| 041 | 0 | |a eng | |
| 082 | 0 | |a Π 032 | |
| 100 | 1 | |a Coulson, J. | |
| 245 | 1 | 4 | |a The new Oxford encyclopedic dictionary / |c J. Coulson ...[et al] |
| 260 | |a Oxford : |b Bay books in association with Oxford University Press, |c 1981 | ||
| 300 | |a 3 V | ||
| 651 | 0 | |a Great Britain |x Encyclopedias. | |
| 651 | 0 | |a Great Britain |x Dictionaries. | |
| 852 | |a INST |b CHIOS |e 19961030 |h 032 NEW |p 005200011090 |q 005200011090 |t REF |y 23 |z v.3 | ||
| 852 | |a INST |b CHIOS |e 19961030 |h 032 NEW |p 005200011091 |q 005200011091 |t REF |y 23 |z v.2 | ||
| 852 | |a INST |b CHIOS |e 19961030 |h 032 NEW |p 005200011092 |q 005200011092 |t REF |y 23 |z v.1 | ||
| 852 | |a INST |b CHIOS |e 19961030 |h 032 NEW |p 005200011090 |q 005200011090 |t REF |v v.3: |y 23 |z v.3 | ||
| 852 | |a INST |b CHIOS |e 19961030 |h 032 NEW |p 005200011091 |q 005200011091 |t REF |v v.2: |y 23 |z v.2 | ||
| 852 | |a INST |b CHIOS |e 19961030 |h 032 NEW |p 005200011092 |q 005200011092 |t REF |v v.1: |y 23 |z v.1 | ||
| 853 | |a INST |b CHIOS |h 032 NEW | ||
| 909 | |a Χ |b 003011 | ||
| 909 | |a Χ |b 003010 | ||
| 909 | |a Χ |b 003009 | ||